| 000 | 01010cam a22003374a 4500 | ||
|---|---|---|---|
| 001 | 45349 | ||
| 005 | 20230410105256.0 | ||
| 008 | 010418s2002 nyua b 001 0 eng c | ||
| 010 | _a 2001032130 | ||
| 035 | _a(OCoLC)ocn123152686 | ||
| 040 |
_aDLC _cSTF _dDRFGD |
||
| 020 | _a0333920856 (cloth) | ||
| 020 | _a9780333920855 (cloth) | ||
| 035 | _a(OCoLC)123152686 | ||
| 042 | _apcc | ||
| 050 | 1 | 4 |
_aUG 447 _bW579b 2002 |
| 082 | 0 | 0 |
_a358/.38 _221 |
| 100 | 1 |
_aWhitby, Simon M., _d1960- |
|
| 245 | 1 | 0 |
_aBiological warfare against crops / _cSimon M. Whitby. |
| 260 |
_aNew York : _bPalgrave, _c2002. |
||
| 300 |
_axv, 271 p. : _bill. ; _c23 cm. |
||
| 490 | 1 | _aGlobal issues series | |
| 504 | _aIncludes bibliographical references (p. 253-263) and index. | ||
| 650 | 0 | _aBiological warfare. | |
| 650 | 0 |
_aPlant diseases _xEpidemics. |
|
| 650 | 0 |
_aAgriculture _xDefense measures. |
|
| 830 | 0 | _aGlobal issues series (Palgrave (Firm)) | |
| 942 |
_2lcc _cbk |
||
| 946 | _almminaya | ||
| 994 |
_aC0 _bDRFGD |
||
| 999 |
_c33418 _d33418 |
||